Statistiques concernant Life is beautiful - Lil peep / paroles

Cliquez ici pour prendre le quiz!

Statistiques générales

  • Ce quiz a été pris 43 fois
  • Le résultat moyen est 209 sur 338

Statistiques - réponses

% Correct
be
100%
beautiful
100%
beautiful?
100%
I
100%
is
100%
life
100%
a
96%
then
96%
me?
89%
me
89%
you
89%
You
89%
it
82%
So
82%
that
82%
think
82%
but
79%
But
79%
in
79%
Isn't
79%
do
75%
the
75%
it's
71%
your
71%
an
68%
ever
68%
friend
68%
When
68%
when
68%
are
64%
sometimes
64%
every
61%
hospital
61%
know
61%
see
61%
try
61%
day
57%
hurts
57%
not
57%
now
57%
Now
57%
to
57%
and
54%
And
54%
die
54%
got
54%
he
54%
inside
54%
stuck
54%
my
50%
Workin'
50%
Would
50%
would
50%
as
46%
bleedin'
46%
Doctor
46%
friends
46%
horrible?
46%
horrible
46%
if
46%
say
46%
they
46%
through
46%
Through
46%
wanna
46%
you're
46%
brother
43%
Find
43%
funeral
43%
like
43%
need
43%
Passin'
43%
terminal
43%
alone
39%
at
39%
can
39%
'Cause
39%
keep
39%
kill
39%
on
39%
portal
39%
tell
39%
time
39%
Tumor
39%
brain
36%
cool
36%
cubicle
36%
cuticles
36%
feel
36%
grandfather's
36%
out
36%
room
36%
run
36%
Sittin'
36%
stop
36%
suicide
36%
comical?
32%
comical
32%
feelin'
32%
inoperable
32%
moon
32%
of
32%
She
32%
watch
32%
with
32%
criminal
29%
eventually
29%
Findin'
29%
little
29%
make
29%
or
29%
Runaway
29%
same
29%
usual
29%
walks
29%
were
29%
Why
29%
adorable
25%
America
25%
chances
25%
comes
25%
everybody
25%
get
25%
he's
25%
improbable
25%
invited
25%
mutual
25%
soon
25%
trippin'?
25%
unstoppable
25%
up
25%
Wake
25%
Welcome
25%
doin'
21%
end
21%
fuckin'
21%
into
21%
nothin'
21%
obstacle
21%
shit
21%
tells
21%
thinks
21%
too
21%
Tryna
21%
You'll
21%
better
18%
drop
18%
help
18%
I'll
18%
impossible
18%
physical
18%
type
18%
wasn't
18%
affordable
14%
grip
14%
I'ma
14%
intolerable
14%
meets
14%
more
14%
mornin'
14%
Once
14%
philosophical
14%
she's
14%
They'll
14%
typical
14%
bags
11%
fate
11%
pack
11%
somewhere
11%
There
11%
important
7%
Move
7%
what's
7%

Distribution des résultats

Percentile par nombre de réponses

% des personnes avec chaque résultat

Votre développement - résultats

Vous n’avez pas pris ce quiz